000
00339nam a2200133Ia 4500
008
130318s9999 xx 000 0 und d
020
_a
8186011277
082
_a
005.133C++ LAF/O
100
_a
Lafore, Robert
245
_a
Object oriented programming in Microsoft C++
260
_b
Galgotia
_a
New Delhi
_c
1992
300
_a
756
650
_a
C++
999
_c
147
_d
147